000 00565nam a2200229 a 4500
003 AR-BaBNM
005 20251128210229.0
008 082120s2002 ||||||||||||||000 | spa||
020 _a84-206-4658-X
040 _cAR-BaBNM
100 1 _aGaleano, Eduardo
245 0 0 _aMujeres
260 _aMadrid
_bAlianza Editorial
_c1995
300 _a62 p.
490 0 _aAlianza Cien
_vv. 58
650 4 _aLITERATURA LATINOAMERICANA
650 4 _aLITERATURA CONTEMPORANEA
653 _aLITERATURA URUGUAYA
655 _aLITERATURA
942 _cBK
998 _cMARTIN
999 _c14596
_d14596